zpět

Detail výsledku týmu

Bowling Darts Rubín, Brno

Datum a čas kvízu

26.5 Celkem bodů Celkový počet nahraných bodů na tomto kvízu bez doplňovacích otázek.
4. Pořadí na kvízu Konečné umístění týmu na tomto kvízu.

Zaznamenané odpovědi

# Otázka Odpověď Body Výsledky
1. Bývalá pražská primátorka Adri... C) detektivní román 1
2. Princ Harry a jeho manželka Me... megxit 1
3. Minulý týden byla zapsána na s... vamberecká (krajka) 0
4. Skupina Kofola oznámila po krá... (F. H.) Prager 1
5. Pekka Rinne se stal dvanáctým... Nashville Predators 0
6. Rožnovský tým Kačeři vyhrál mo... Dave Gahan 0
7. Která skladba "Depešáků" je ne... Enjoy the Silence 1
8. Podle čeho si tato kapela vybr... B) podle časopisu 0
9. Gary Numan, Ultravox, Devo...... synthpop 0
10. Depešáci ovlivnili řadu hudebn... Shalom 0